[Event "NED-ch 1998 sf"]
[Site "Enschede"]
[Date "1998.01.05"]
[Round "3"]
[White "Plasman, Hans"]
[Black "Barendse, Ted"]
[Result "1-0"]
[WhiteElo "2160"]
[BlackElo "2240"]
[PlyCount "117"]
[EventDate "1998.01.03"]
[Source "ChessBase"]
[SourceDate "1998.03.09"]

1. e4 e6 2. d4 d5 3. Nc3 Bb4 4. exd5 exd5 5. Bd3 Nc6 6. a3 Ba5 7. Be3 Nf6 8.
Nge2 Bg4 9. O-O Qd7 10. b4 Bb6 11. f3 Bf5 12. Bb5 O-O 13. Ng3 Rfe8 14. Bf2 a6
15. Ba4 Bg6 16. Qd2 a5 17. Nce2 axb4 18. axb4 Ra7 19. Bb3 Rea8 20. Rxa7 Rxa7
21. Nf4 Ne7 22. Re1 c6 23. h4 h6 24. Nxg6 Nxg6 25. h5 Nf8 26. c3 Bc7 27. Bc2
Bd6 28. Nf5 Nxh5 29. Be3 Ng6 30. Bxh6 Bf4 31. Bxf4 Nhxf4 32. Ne7+ Nxe7 33. Qxf4
Ra8 34. Qh4 Ng6 35. Bxg6 fxg6 36. Re7 Qd8 37. Qe1 Kf8 38. Rxb7 Qg5 39. f4 Qf6
40. g3 Re8 41. Qf2 Qf5 42. Ra7 Qb1+ 43. Kh2 Qd1 44. Ra2 Re1 45. Kg2 Qc1 46. f5
Qe3 47. fxg6+ Qxf2+ 48. Rxf2+ Ke8 49. Kf3 Kd7 50. Kg4 Rc1 51. Rf3 Ke6 52. Kg5
Rc2 53. g4 Rc1 54. Rf7 Rxc3 55. Rxg7 c5 56. bxc5 Ra3 57. Rg8 Ra7 58. Re8+ Kd7
59. g7 1-0

[Event "NED-ch 1998 sf"]
[Site "Enschede"]
[Date "1998.01.05"]
[Round "3"]
[White "Van der Weide, Karel"]
[Black "Van Baarle, John"]
[Result "1/2-1/2"]
[WhiteElo "2450"]
[BlackElo "2295"]
[PlyCount "89"]
[EventDate "1998.01.03"]
[Source "ChessBase"]
[SourceDate "1998.03.09"]

1. e4 d6 2. d4 Nf6 3. Nc3 g6 4. g3 Bg7 5. Bg2 O-O 6. Nge2 Nbd7 7. h3 c5 8. Be3
cxd4 9. Bxd4 a6 10. a4 Ne5 11. O-O Nc6 12. Be3 Bd7 13. f4 Rc8 14. Qe1 Nb4 15.
Rc1 Be6 16. Qf2 Nd7 17. Rfd1 Qc7 18. Nd4 Bc4 19. Nd5 Nxd5 20. exd5 Nf6 21. Ne2
Bxe2 22. Qxe2 Qc4 23. Qxc4 Rxc4 24. b3 Rc3 25. Bd2 Rxg3 26. Be1 Nh5 27. Bxg3
Nxg3 28. Re1 Bd4+ 29. Kh2 Nf5 30. Re4 Rc8 31. Rd1 Be3 32. Rd3 Bc1 33. c3 b5 34.
Bf1 Bb2 35. axb5 axb5 36. Rb4 Rc5 37. Rf3 Bxc3 38. Rxb5 Rc8 39. Rb7 Bd4 40. Bd3
Nh4 41. Rf1 Rc3 42. Rd1 Kg7 43. b4 Rb3 44. Rxe7 Rxb4 45. Re2 1/2-1/2

[Event "NED-ch 1998 sf"]
[Site "Enschede"]
[Date "1998.01.05"]
[Round "3"]
[White "Vogel, Jaap"]
[Black "Van Haastert, Edwin"]
[Result "0-1"]
[WhiteElo "2280"]
[BlackElo "2335"]
[PlyCount "80"]
[EventDate "1998.01.03"]
[Source "ChessBase"]
[SourceDate "1998.03.09"]

1. Nf3 Nf6 2. g3 g6 3. d4 Bg7 4. Bg2 O-O 5. O-O c6 6. c4 d6 7. h3 Qa5 8. a3 Qa6
9. b3 b5 10. Nbd2 Nbd7 11. Qc2 Rb8 12. Bb2 bxc4 13. Nxc4 Nb6 14. Nfd2 Nxc4 15.
bxc4 d5 16. Bc3 Bf5 17. Qa2 Rfd8 18. g4 Be6 19. Rfb1 Ne4 20. Nxe4 dxe4 21. Rxb8
Rxb8 22. Rb1 Rd8 23. d5 cxd5 24. Bxg7 Kxg7 25. cxd5 Bxd5 26. Qb2+ Qf6 27. Qd2
Rd6 28. Qa5 a6 29. e3 Qe6 30. Rd1 f5 31. Qc3+ Qf6 32. Qc5 Bf7 33. Rc1 Rd2 34.
gxf5 gxf5 35. Bf1 Bh5 36. Qc3 Qxc3 37. Rxc3 Rd1 38. Rc2 Bf3 39. Ra2 a5 40. a4
h5 0-1

[Event "NED-ch 1998 sf"]
[Site "Enschede"]
[Date "1998.01.06"]
[Round "4"]
[White "Barendse, Ted"]
[Black "Kamstra, Cor"]
[Result "0-1"]
[WhiteElo "2240"]
[BlackElo "2325"]
[PlyCount "52"]
[EventDate "1998.01.03"]
[Source "ChessBase"]
[SourceDate "1998.03.09"]

1. e4 g6 2. d4 Bg7 3. Nf3 d6 4. Nc3 a6 5. a4 Nc6 6. Be3 Bg4 7. Be2 e5 8. dxe5
dxe5 9. O-O Nge7 10. Nd5 Nxd5 11. exd5 Ne7 12. c4 O-O 13. h3 Bxf3 14. Bxf3 Nf5
15. Qd2 Re8 16. c5 e4 17. Be2 Nxe3 18. fxe3 Qg5 19. Bc4 f5 20. d6+ Kh8 21. dxc7
Be5 22. Bf7 Rec8 23. c6 Rxc7 24. Bc4 Rxc6 25. Rac1 Qg3 26. Rf4 Rd6 0-1

[Event "NED-ch 1998 sf"]
[Site "Enschede"]
[Date "1998.01.06"]
[Round "4"]
[White "Bosboom, Manuel"]
[Black "Van Baarle, John"]
[Result "1-0"]
[WhiteElo "2450"]
[BlackElo "2295"]
[PlyCount "80"]
[EventDate "1998.01.03"]
[Source "ChessBase"]
[SourceDate "1998.03.09"]

1. d4 Nf6 2. c4 g6 3. Nc3 Bg7 4. Bg5 d6 5. e3 Nbd7 6. Be2 c6 7. Qc2 O-O 8. Nf3
e5 9. Bh4 Qe7 10. O-O Re8 11. Rfd1 Nf8 12. h3 Bf5 13. e4 Bc8 14. c5 exd4 15.
cxd6 Qxd6 16. e5 Rxe5 17. Rxd4 Qc5 18. Rc4 Rxe2 19. Qxe2 Qb6 20. a3 Ne6 21. Rd1
Nh5 22. Qd2 h6 23. Be7 Nf6 24. Ne5 Qa5 25. f4 Nh5 26. Bd8 Nxd8 27. Qxd8+ Qxd8
28. Rxd8+ Bf8 29. Ne4 Kg7 30. g3 f6 31. Nxg6 b5 32. Nxf8 bxc4 33. Nd6 Rb8 34.
Rxc8 Rxc8 35. Ne6+ Kg6 36. Nxc8 Nxg3 37. Nxa7 Kf5 38. Nd4+ Kxf4 39. Naxc6 Ke4
40. a4 Kd5 1-0

[Event "NED-ch 1998 sf"]
[Site "Enschede"]
[Date "1998.01.06"]
[Round "4"]
[White "Delemarre, Jop"]
[Black "Hendriks, Willy"]
[Result "1-0"]
[WhiteElo "2420"]
[BlackElo "2345"]
[PlyCount "83"]
[EventDate "1998.01.03"]
[Source "ChessBase"]
[SourceDate "1998.03.09"]

1. d4 Nf6 2. c3 d6 3. Bg5 Nbd7 4. Nd2 e5 5. e4 Be7 6. Ngf3 O-O 7. dxe5 Nxe5 8.
Be2 h6 9. Bf4 Ng6 10. Bg3 Nh5 11. O-O Ngf4 12. Nd4 Nxg3 13. hxg3 Nxe2+ 14. Qxe2
Bf6 15. f4 Bd7 16. Kh1 c6 17. Rad1 Re8 18. Nc4 Qe7 19. Qf3 Qxe4 20. Nxd6 Qxf3
21. gxf3 Re7 22. Ne4 Bxd4 23. Rxd4 Bf5 24. Rfd1 Rae8 25. Nd6 Re1+ 26. Rxe1
Rxe1+ 27. Kg2 Be6 28. Kf2 Rb1 29. Rd2 Bxa2 30. Nxb7 Kf8 31. Nd6 g6 32. f5 Rh1
33. Ke3 Re1+ 34. Kf2 Re5 35. c4 gxf5 36. b4 Re6 37. Nxf5 Bxc4 38. Rd8+ Re8 39.
Rxe8+ Kxe8 40. Nd6+ Kd7 41. Nxc4 Ke6 42. Ke3 1-0

[Event "NED-ch 1998 sf"]
[Site "Enschede"]
[Date "1998.01.06"]
[Round "4"]
[White "Hartoch, Robert G"]
[Black "De Boer, Sybolt"]
[Result "1/2-1/2"]
[WhiteElo "2320"]
[BlackElo "2285"]
[PlyCount "46"]
[EventDate "1998.01.03"]
[Source "ChessBase"]
[SourceDate "1998.03.09"]

1. Nf3 Nc6 2. g3 e5 3. d3 d5 4. Bg2 Nf6 5. O-O h6 6. c3 a5 7. Nbd2 Be6 8. e4
dxe4 9. dxe4 Bc5 10. Qe2 O-O 11. Nc4 Nd7 12. Rd1 f6 13. Ne3 Ne7 14. Nh4 c6 15.
Nhf5 Bxe3 16. Nxe3 Qc7 17. b3 Rfd8 18. Ba3 Nb6 19. Rxd8+ Rxd8 20. Rd1 Nbc8 21.
Bf1 Nd6 22. Qc2 Nec8 23. Rd2 Nf7 1/2-1/2

[Event "NED-ch 1998 sf"]
[Site "Enschede"]
[Date "1998.01.06"]
[Round "4"]
[White "Janssen, Gerard"]
[Black "Vogel, Jaap"]
[Result "1/2-1/2"]
[WhiteElo "2165"]
[BlackElo "2280"]
[PlyCount "32"]
[EventDate "1998.01.03"]
[Source "ChessBase"]
[SourceDate "1998.03.09"]

1. c4 e6 2. Nc3 Bb4 3. Qb3 a5 4. a3 Bxc3 5. Qxc3 Nf6 6. Nf3 O-O 7. d3 d6 8. Bg5
Nbd7 9. b4 h6 10. Bd2 b6 11. e4 Bb7 12. Be2 axb4 13. axb4 Rxa1+ 14. Qxa1 Qa8
15. O-O Qxa1 16. Rxa1 Ra8 1/2-1/2

[Event "NED-ch 1998 sf"]
[Site "Enschede"]
[Date "1998.01.06"]
[Round "4"]
[White "Kroeze, Frank"]
[Black "Bark, Eric"]
[Result "1/2-1/2"]
[WhiteElo "2395"]
[BlackElo "2210"]
[PlyCount "125"]
[EventDate "1998.01.03"]
[Source "ChessBase"]
[SourceDate "1998.03.09"]

1. e4 c5 2. Nf3 e6 3. b3 Nf6 4. e5 Nd5 5. g3 Nc6 6. Bb2 h5 7. h4 d6 8. exd6
Bxd6 9. Bg2 e5 10. O-O Bg4 11. Qe1 f6 12. Nxe5 Bxe5 13. f4 O-O 14. fxe5 Nxe5
15. Qe4 Nb4 16. Bxe5 fxe5 17. Rxf8+ Kxf8 18. c3 Nc6 19. Na3 Qxd2 20. Rf1+ Kg8
21. Qd5+ Qxd5 22. Bxd5+ Kh8 23. Nc4 Re8 24. Nd6 Re7 25. Nf7+ Kh7 26. Ng5+ Kh6
27. Rf8 g6 28. Rh8+ Kg7 29. Rg8+ Kh6 30. Kf2 Bf5 31. Ke3 e4 32. Nf7+ Kh7 33.
Ng5+ Kh6 34. Rh8+ Kg7 35. Rh7+ Kf6 36. Rxe7 Kxe7 37. Nxe4 Bxe4 38. Bxe4 Kf6 39.
Kf4 Nd8 40. Bd5 Nc6 41. Ke4 Nd8 42. Bc4 Nc6 43. Kd5 Ne7+ 44. Kxc5 Nf5 45. Bd5
Nxg3 46. Bxb7 Nf5 47. a4 Nxh4 48. a5 g5 49. b4 g4 50. b5 Nf3 51. Bc8 g3 52. Bh3
Ng5 53. Bf1 h4 54. Kd4 h3 55. Ke3 g2 56. Bxg2 hxg2 57. Kf2 Ne4+ 58. Kxg2 Nd6
59. c4 Nxc4 60. b6 Nxb6 61. axb6 axb6 62. Kf2 Kf5 63. Kf3 1/2-1/2

[Event "NED-ch 1998 sf"]
[Site "Enschede"]
[Date "1998.01.06"]
[Round "4"]
[White "Mellegers, Joost"]
[Black "Ellenbroek, Ton"]
[Result "1-0"]
[WhiteElo "2195"]
[BlackElo "2090"]
[PlyCount "75"]
[EventDate "1998.01.03"]
[Source "ChessBase"]
[SourceDate "1998.03.09"]

1. c4 e6 2. Nc3 d5 3. d4 Bb4 4. Nf3 Nf6 5. Qa4+ Nc6 6. Ne5 Bd7 7. Nxd7 Nxd7 8.
e3 Nb6 9. Qb3 dxc4 10. Bxc4 Nxc4 11. Qxc4 Qd5 12. Qxd5 exd5 13. Bd2 O-O-O 14.
a3 Be7 15. b4 f5 16. Ne2 Bf6 17. b5 Ne7 18. a4 g5 19. O-O Ng6 20. a5 Rhe8 21.
a6 b6 22. Rac1 Re6 23. Rc2 Kd7 24. Rfc1 Rc8 25. Rc6 Ne7 26. Rxe6 Kxe6 27. Bb4
c6 28. Bxe7 Bxe7 29. bxc6 Ba3 30. Rc2 Kd6 31. Nc3 Rxc6 32. Nb5+ Kd7 33. Rxc6
Kxc6 34. Nxa7+ Kc7 35. Nb5+ Kb8 36. Nxa3 Ka7 37. Nb5+ Kxa6 38. Nc7+ 1-0

[Event "NED-ch 1998 sf"]
[Site "Enschede"]
[Date "1998.01.06"]
[Round "4"]
[White "Middelburg, Tom"]
[Black "Kerkmeester, Heico"]
[Result "1/2-1/2"]
[WhiteElo "2235"]
[BlackElo "2250"]
[PlyCount "144"]
[EventDate "1998.01.03"]
[Source "ChessBase"]
[SourceDate "1998.03.09"]

1. e4 e6 2. d4 d5 3. Nc3 Nc6 4. Nf3 Nf6 5. e5 Ne4 6. Bd3 Bb4 7. Bd2 Nxd2 8.
Qxd2 f6 9. a3 Be7 10. Qf4 O-O 11. Qh4 g6 12. Qg3 Rf7 13. h4 f5 14. Ne2 Rg7 15.
Nf4 Qf8 16. c4 Qf7 17. Rc1 Kf8 18. b4 h6 19. c5 a6 20. Nh3 Qg8 21. Nf4 Bd7 22.
Qh2 Be8 23. Ne2 Qf7 24. Nd2 b5 25. f3 Bd7 26. g4 Qg8 27. Rg1 Be8 28. Nb3 Qf7
29. Kd2 Bd7 30. g5 hxg5 31. hxg5 Rh7 32. Qg2 Kg7 33. Rh1 Rah8 34. f4 Qg8 35.
Ng3 Rh4 36. Rxh4 Rxh4 37. Rh1 Rxf4 38. Kc3 Rg4 39. Be2 Rxg5 40. Qh2 Kf7 41. Bf3
Qg7 42. Ne2 Ke8 43. Nbc1 f4 44. Nd3 Kd8 45. Nexf4 Kc8 46. Qh8+ Qxh8 47. Rxh8+
Kb7 48. Bg2 Rg3 49. Bh3 g5 50. Bxe6 Bxe6 51. Nxe6 Rg4 52. Rg8 Rh4 53. Rg7 Rh6
54. Nxg5 Bxg5 55. Rxg5 Rh4 56. e6 Rxd4 57. Ne5 Re4 58. Nxc6 Kxc6 59. Rg6 Re3+
60. Kd4 Re4+ 61. Kd3 a5 62. e7+ Kd7 63. bxa5 Kxe7 64. Rg7+ Kd8 65. c6 Ra4 66.
Rd7+ Kc8 67. Rxd5 Rxa3+ 68. Kc2 Rxa5 69. Kb3 Ra6 70. Rc5 Rb6 71. Kb4 Kd8 72.
Rc3 Ke7 1/2-1/2

[Event "NED-ch 1998 sf"]
[Site "Enschede"]
[Date "1998.01.06"]
[Round "4"]
[White "Plasman, Hans"]
[Black "Janssen, Ruud"]
[Result "0-1"]
[WhiteElo "2160"]
[BlackElo "2290"]
[PlyCount "66"]
[EventDate "1998.01.03"]
[Source "ChessBase"]
[SourceDate "1998.03.09"]

1. e4 c5 2. Nf3 e6 3. d4 cxd4 4. Nxd4 Nf6 5. Nc3 Bb4 6. e5 Nd5 7. Bd2 Nxc3 8.
bxc3 Be7 9. Bd3 d6 10. exd6 Bxd6 11. O-O O-O 12. Qe2 a6 13. Rae1 Qc7 14. f4 g6
15. g4 Nd7 16. f5 e5 17. Nf3 b5 18. Bh6 Re8 19. fxg6 hxg6 20. Ng5 Bc5+ 21. Kg2
Bb7+ 22. Kh3 Re7 23. Nxf7 Rxf7 24. Rxf7 Kxf7 25. Rf1+ Nf6 26. g5 Be7 27. gxf6
Bxf6 28. Bxg6+ Ke7 29. Qe3 Qd7+ 30. Kg3 Qc6 31. Rxf6 Qg2+ 32. Kh4 Kxf6 33. Qb6+
Bc6 0-1

[Event "NED-ch 1998 sf"]
[Site "Enschede"]
[Date "1998.01.06"]
[Round "4"]
[White "Van Haastert, Edwin"]
[Black "Visser, Yge"]
[Result "1/2-1/2"]
[WhiteElo "2335"]
[BlackElo "2360"]
[PlyCount "45"]
[EventDate "1998.01.03"]
[Source "ChessBase"]
[SourceDate "1998.03.09"]

1. e4 e6 2. d4 d5 3. e5 c5 4. c3 Nc6 5. Nf3 Bd7 6. Be2 Nh6 7. Bxh6 gxh6 8. O-O
Bg7 9. Qd2 O-O 10. b4 cxb4 11. cxb4 a6 12. Na3 f6 13. exf6 Rxf6 14. Nc2 Be8 15.
a4 Bh5 16. b5 Na5 17. Ra3 Bxf3 18. Rxf3 Nc4 19. Qe1 axb5 20. axb5 Nd6 21. Rxf6
Qxf6 22. Bg4 Re8 23. Qe2 1/2-1/2

[Event "NED-ch 1998 sf"]
[Site "Enschede"]
[Date "1998.01.07"]
[Round "5"]
[White "Bark, Eric"]
[Black "Van Haastert, Edwin"]
[Result "0-1"]
[WhiteElo "2210"]
[BlackElo "2335"]
[PlyCount "56"]
[EventDate "1998.01.03"]
[Source "ChessBase"]
[SourceDate "1998.03.09"]

1. e4 e6 2. Nf3 d5 3. e5 Bd7 4. a3 f6 5. d4 c5 6. dxc5 Bxc5 7. b4 Bb6 8. Bd3
Nc6 9. Bb2 f5 10. Nc3 Nge7 11. Nb5 O-O 12. h4 a5 13. bxa5 Nxa5 14. Nd6 Qc7 15.
Rh3 Nc4 16. Bxc4 dxc4 17. Ng5 h6 18. Qh5 c3 19. Bc1 Be8 20. Nxe8 Qxe5+ 21. Be3
f4 22. Nd6 fxe3 23. Ndf7 exf2+ 24. Kf1 Qb5+ 25. Rd3 hxg5 26. Nxg5 Qf5 27. Rb1
Nd5 28. g4 Ne3+ 0-1

[Event "NED-ch 1998 sf"]
[Site "Enschede"]
[Date "1998.01.07"]
[Round "5"]
[White "Cifuentes Parada, Roberto"]
[Black "Bosboom, Manuel"]
[Result "1/2-1/2"]
[WhiteElo "2535"]
[BlackElo "2450"]
[PlyCount "62"]
[EventDate "1998.01.03"]
[Source "ChessBase"]
[SourceDate "1998.03.09"]

1. c4 Nf6 2. Nc3 g6 3. d4 Bg7 4. e4 d6 5. f4 O-O 6. Nf3 Na6 7. Be2 e5 8. dxe5
dxe5 9. Nxe5 Nc5 10. Bf3 Qxd1+ 11. Kxd1 Rd8+ 12. Kc2 Nfxe4 13. Nxe4 Bf5 14. Re1
Bxe5 15. fxe5 Rd4 16. Kc3 Rd3+ 17. Kc2 Rd4 18. b3 Nxe4 19. Kb2 Nc5 20. Ka3 Nd3
21. Rd1 c6 22. g4 Be6 23. Bb2 Rdd8 24. Be2 Nf2 25. Rg1 Rd2 26. Rae1 Nd3 27. Bc3
Rc2 28. Bxd3 Rxc3 29. Rg3 Rd8 30. Ree3 Rc1 31. Bf5 Rd2 1/2-1/2

[Event "NED-ch 1998 sf"]
[Site "Enschede"]
[Date "1998.01.07"]
[Round "5"]
[White "De Boer, Sybolt"]
[Black "Plasman, Hans"]
[Result "1-0"]
[WhiteElo "2285"]
[BlackElo "2160"]
[PlyCount "57"]
[EventDate "1998.01.03"]
[Source "ChessBase"]
[SourceDate "1998.03.09"]

1. d4 Nf6 2. Nf3 e6 3. g3 b5 4. Bg2 Bb7 5. O-O c5 6. b3 Qb6 7. a4 cxd4 8. axb5
Qxb5 9. Na3 Qh5 10. Nc4 Nc6 11. Nxd4 Bc5 12. Nb5 O-O 13. Nbd6 Rab8 14. Bb2 Ba8
15. e4 Qxd1 16. Raxd1 Rfd8 17. e5 Ng4 18. h3 Nh6 19. g4 Kf8 20. Ne4 Be7 21. f4
g6 22. Rd2 Nb4 23. Ned6 Bxg2 24. Kxg2 Nd5 25. f5 Bxd6 26. exd6 Rdc8 27. fxg6
hxg6 28. Rf3 Rc6 29. Ne5 1-0

[Event "NED-ch 1998 sf"]
[Site "Enschede"]
[Date "1998.01.07"]
[Round "5"]
[White "Hendriks, Willy"]
[Black "Kroeze, Frank"]
[Result "1/2-1/2"]
[WhiteElo "2345"]
[BlackElo "2395"]
[PlyCount "72"]
[EventDate "1998.01.03"]
[Source "ChessBase"]
[SourceDate "1998.03.09"]

1. e4 e5 2. Bc4 Nf6 3. d3 c6 4. Nf3 d5 5. Bb3 Bd6 6. Nc3 d4 7. Ne2 c5 8. O-O
Nc6 9. Ng3 h6 10. Nd2 g6 11. Nc4 Bc7 12. a4 Kf8 13. f4 Kg7 14. f5 Bd7 15. Qf3
Qe7 16. Bd2 g5 17. h4 g4 18. Qd1 Rag8 19. Nh5+ Kf8 20. Nxf6 Qxf6 21. g3 Qd8 22.
Qc1 h5 23. f6 Rg6 24. Bg5 Qb8 25. Qd2 Nd8 26. Qe2 Ne6 27. Bd2 Bd8 28. Rf5 Bc7
29. Raf1 Kg8 30. Na3 Qe8 31. Bd5 Nd8 32. b3 Bxf5 33. Rxf5 b6 34. Qf1 Ne6 35.
Bc4 Nf8 36. Bb5 Qd8 1/2-1/2

[Event "NED-ch 1998 sf"]
[Site "Enschede"]
[Date "1998.01.07"]
[Round "5"]
[White "Kerkmeester, Heico"]
[Black "Hartoch, Robert G"]
[Result "1/2-1/2"]
[WhiteElo "2250"]
[BlackElo "2320"]
[PlyCount "35"]
[EventDate "1998.01.03"]
[Source "ChessBase"]
[SourceDate "1998.03.09"]

1. d4 g6 2. e4 Bg7 3. c3 d6 4. f4 Nf6 5. Bd3 O-O 6. Nf3 c5 7. dxc5 dxc5 8. e5
Nd5 9. Be4 Nb6 10. Qe2 Qc7 11. O-O Bg4 12. a4 Na6 13. Na3 Rad8 14. h3 Bf5 15.
Bxf5 gxf5 16. Nb5 Qd7 17. Be3 Qd3 18. Qxd3 1/2-1/2

[Event "NED-ch 1998 sf"]
[Site "Enschede"]
[Date "1998.01.07"]
[Round "5"]
[White "Kool, Gerard"]
[Black "Barendse, Ted"]
[Result "0-1"]
[WhiteElo "2185"]
[BlackElo "2240"]
[PlyCount "64"]
[EventDate "1998.01.03"]
[Source "ChessBase"]
[SourceDate "1998.03.09"]

1. b4 e5 2. Bb2 Bxb4 3. Bxe5 Nf6 4. Nf3 O-O 5. e3 Re8 6. Be2 d5 7. Bb2 Nc6 8.
O-O Bg4 9. d3 Qe7 10. Nbd2 Rad8 11. a3 Ba5 12. Rc1 Nh5 13. h3 Bc8 14. Nd4 Nxd4
15. Bxh5 Nf5 16. e4 Nh4 17. f4 dxe4 18. Nxe4 Nf5 19. Qf3 Nd4 20. Qf2 g6 21. Bd1
f5 22. Nd2 Bb6 23. Kh1 Nb3 24. Qg3 Nxd2 25. Bh5 Nxf1 26. Rxf1 Bd4 27. c3 Bg7
28. Bf3 Rxd3 29. h4 Bd7 30. h5 Qe6 31. Qf2 Rxf3 32. Qxf3 Bc6 0-1

[Event "NED-ch 1998 sf"]
[Site "Enschede"]
[Date "1998.01.07"]
[Round "5"]
[White "Van der Weide, Karel"]
[Black "Ernst, Sipke"]
[Result "1-0"]
[WhiteElo "2450"]
[BlackElo "2300"]
[PlyCount "119"]
[EventDate "1998.01.03"]
[Source "ChessBase"]
[SourceDate "1998.03.09"]

1. Nf3 c5 2. e4 e6 3. d3 d5 4. Nbd2 Nc6 5. g3 g6 6. Bg2 Bg7 7. O-O Nge7 8. Re1
O-O 9. c3 h6 10. h4 b6 11. e5 f5 12. exf6 Rxf6 13. Nh2 Qd6 14. Ng4 Rf7 15. Nf1
Kh7 16. Qe2 Bd7 17. f4 Raf8 18. Ne5 Nxe5 19. fxe5 Qc7 20. Bf4 Nc6 21. Nh2 Rf5
22. Nf3 Qd8 23. Qd2 Qe7 24. Re2 R8f7 25. Rf1 Qf8 26. Ref2 Rxf4 27. gxf4 Rxf4
28. Nd4 Nxd4 29. Rxf4 Nf5 30. h5 Bxe5 31. hxg6+ Kxg6 32. Rxf5 exf5 33. Bxd5 Qf6
34. Rf2 Kh7 35. Rg2 b5 36. a3 a5 37. Qe3 b4 38. Qxc5 bxc3 39. bxc3 Bxc3 40. Kf1
Qe5 41. Bg8+ Kh8 42. Qxe5+ Bxe5 43. Bc4 f4 44. Rg8+ Kh7 45. Ra8 Bd4 46. Bd5 a4
47. Rd8 Bh3+ 48. Bg2 Bxg2+ 49. Kxg2 Bc5 50. Ra8 Bxa3 51. Rxa4 Bc1 52. Ra6 Be3
53. Kf3 h5 54. Re6 Kg7 55. Rd6 Kh7 56. d4 Kg7 57. d5 h4 58. Kg4 f3 59. Kxf3 h3
60. Re6 1-0

[Event "NED-ch 1998 sf"]
[Site "Enschede"]
[Date "1998.01.07"]
[Round "5"]
[White "Visser, Yge"]
[Black "Middelburg, Tom"]
[Result "1-0"]
[WhiteElo "2360"]
[BlackElo "2235"]
[PlyCount "73"]
[EventDate "1998.01.03"]
[Source "ChessBase"]
[SourceDate "1998.03.09"]

1. e4 c5 2. Nf3 d6 3. g3 Nc6 4. Bg2 g6 5. O-O Bg7 6. c3 Nf6 7. d4 O-O 8. d5 Nb8
9. e5 dxe5 10. Nxe5 Nbd7 11. Nxd7 Bxd7 12. Nd2 Bf5 13. Re1 Rc8 14. Nc4 b5 15.
Ne5 Re8 16. g4 Bd7 17. Qf3 Rf8 18. g5 Nh5 19. Nxd7 Qxd7 20. Bh3 Qd6 21. Bxc8
Rxc8 22. Qe4 Rc7 23. Be3 Be5 24. h4 a5 25. Rad1 a4 26. Bc1 Bh2+ 27. Kg2 Rd7 28.
b3 axb3 29. axb3 Qc7 30. c4 b4 31. Bd2 Bd6 32. Ra1 Rd8 33. Ra6 Ng7 34. Rea1 Nf5
35. Ra7 Qb6 36. Ra8 Bb8 37. R1a6 1-0

[Event "NED-ch 1998 sf"]
[Site "Enschede"]
[Date "1998.01.07"]
[Round "5"]
[White "Vogel, Jaap"]
[Black "Perez Garcia, Hebert"]
[Result "1/2-1/2"]
[WhiteElo "2280"]
[BlackElo "2205"]
[PlyCount "61"]
[EventDate "1998.01.03"]
[Source "ChessBase"]
[SourceDate "1998.03.09"]

1. Nf3 f5 2. g3 Nf6 3. Bg2 d6 4. d4 g6 5. O-O Bg7 6. Nbd2 O-O 7. Re1 Nc6 8. c3
e5 9. dxe5 dxe5 10. e4 f4 11. Qb3+ Kh8 12. gxf4 Nh5 13. Nf1 Nxf4 14. Bxf4 Rxf4
15. Ne3 Qf8 16. Ng5 Bf6 17. Ne6 Bxe6 18. Qxe6 Bh4 19. Nd1 Rxf2 20. Nxf2 Bxf2+
21. Kh1 Bxe1 22. Rxe1 Rd8 23. Rf1 Qe7 24. Qb3 b6 25. Qc4 Rd6 26. Rf7 Rd1+ 27.
Bf1 Na5 28. Qd5 c6 29. Rxh7+ Kxh7 30. Qxd1 Nb7 31. Qf3 1/2-1/2

[Event "NED-ch 1998 sf"]
[Site "Enschede"]
[Date "1998.01.08"]
[Round "6"]
[White "Bosboom, Manuel"]
[Black "Van der Weide, Karel"]
[Result "0-1"]
[WhiteElo "2450"]
[BlackElo "2450"]
[PlyCount "80"]
[EventDate "1998.01.03"]
[Source "ChessBase"]
[SourceDate "1998.03.09"]

1. d4 Nf6 2. c4 c5 3. d5 b5 4. cxb5 a6 5. bxa6 g6 6. Nc3 Bxa6 7. e4 Bxf1 8.
Kxf1 d6 9. Nf3 Bg7 10. g3 O-O 11. Kg2 Nbd7 12. Re1 Qa5 13. e5 Ng4 14. exd6 exd6
15. Re4 Nge5 16. Nxe5 Nxe5 17. Bg5 Rfb8 18. Ra4 Qb6 19. Rxa8 Rxa8 20. Qe2 Qa6
21. Nb5 Rb8 22. a4 c4 23. Rd1 Qxa4 24. Nxd6 Rxb2 25. Qxb2 Qxd1 26. Qb5 Qf3+ 27.
Kg1 Ng4 28. Qe8+ Bf8 29. Ne4 Qd1+ 30. Kg2 Qxd5 31. f3 f5 32. Nc3 Qe5 33. Qc8
Qxc3 34. Qe6+ Kh8 35. fxg4 Qc2+ 36. Kh3 fxg4+ 37. Kh4 Qxh2+ 38. Kxg4 h5+ 39.
Kf3 Qh1+ 40. Ke2 Qg2+ 0-1

[Event "NED-ch 1998 sf"]
[Site "Enschede"]
[Date "1998.01.08"]
[Round "6"]
[White "Delemarre, Jop"]
[Black "Visser, Yge"]
[Result "1/2-1/2"]
[WhiteElo "2420"]
[BlackElo "2360"]
[PlyCount "31"]
[EventDate "1998.01.03"]
[Source "ChessBase"]
[SourceDate "1998.03.09"]

1. d4 Nf6 2. Nf3 g6 3. Bg5 Bg7 4. Nbd2 c5 5. Bxf6 Bxf6 6. Ne4 Bxd4 7. Nxd4 cxd4
8. Qxd4 O-O 9. c4 d6 10. Qd2 Be6 11. Rc1 Nc6 12. Ng5 Bd7 13. g3 Rc8 14. Bg2 Ne5
15. b3 Bc6 16. O-O 1/2-1/2

[Event "NED-ch 1998 sf"]
[Site "Enschede"]
[Date "1998.01.08"]
[Round "6"]
[White "Hartoch, Robert G"]
[Black "Hendriks, Willy"]
[Result "1/2-1/2"]
[WhiteElo "2320"]
[BlackElo "2345"]
[PlyCount "56"]
[EventDate "1998.01.03"]
[Source "ChessBase"]
[SourceDate "1998.03.09"]

1. Nf3 g6 2. g3 Bg7 3. d4 Nf6 4. Bg2 O-O 5. O-O d6 6. b3 c5 7. Bb2 cxd4 8. Nxd4
d5 9. c4 dxc4 10. bxc4 Qb6 11. Qc1 Nc6 12. Nxc6 bxc6 13. Nd2 Bg4 14. e3 Qa6 15.
Re1 Be6 16. Bf1 c5 17. Nb3 Rac8 18. f3 Rfd8 19. Qc2 Ne8 20. Bxg7 Kxg7 21. Red1
Rxd1 22. Rxd1 Nd6 23. Rc1 Kg8 24. Qc3 f6 25. Rc2 Qa3 26. Qa5 Qxa5 27. Nxa5 Kf8
28. Rb2 Ke8 1/2-1/2

[Event "NED-ch 1998 sf"]
[Site "Enschede"]
[Date "1998.01.08"]
[Round "6"]
[White "Janssen, Gerard"]
[Black "Kerkmeester, Heico"]
[Result "1/2-1/2"]
[WhiteElo "2165"]
[BlackElo "2250"]
[PlyCount "117"]
[EventDate "1998.01.03"]
[Source "ChessBase"]
[SourceDate "1998.03.09"]

1. c4 f5 2. Nf3 Nf6 3. g3 e6 4. Bg2 Be7 5. O-O O-O 6. d4 d5 7. b3 Nc6 8. e3 Bd7
9. Bb2 a5 10. Nc3 Be8 11. Ne5 Ne4 12. Nxc6 bxc6 13. Nxe4 fxe4 14. f3 Bh5 15. g4
exf3 16. Bxf3 Bg6 17. Qe2 Bg5 18. Ba3 Rf6 19. Bg2 a4 20. Bc5 axb3 21. axb3 Qb8
22. cxd5 exd5 23. e4 Rxa1 24. Rxa1 Re6 25. e5 Qxb3 26. Qf1 Re8 27. Ra3 Qb2 28.
Qa1 Qd2 29. Ra8 h6 30. Rxe8+ Bxe8 31. h3 Kh7 32. Kh1 Bg6 33. Qf1 Bd3 34. Qg1
Be3 35. Qa1 Bf4 36. Qg1 Qe2 37. Bb4 Be3 38. Qa1 Bg5 39. Qg1 Be4 40. Bc5 Bg6 41.
Qf1 Qd2 42. Qa1 Bh4 43. Qf1 Bd3 44. Qa1 Qe2 45. Qc1 Bg3 46. Qg1 Kh8 47. Ba7 Bf4
48. Bc5 Kg8 49. Ba7 Kf7 50. Bc5 Ke6 51. Ba7 Be4 52. Bc5 Be3 53. Bxe4 dxe4 54.
d5+ cxd5 55. Bxe3 Qf3+ 56. Kh2 Qe2+ 57. Kh1 Qf3+ 58. Kh2 Qe2+ 59. Kh1 1/2-1/2